000 00599nam a2200193Ia 4500
005 20250508151348.0
008 008 250505s9999 xx 000 0 eng d
037 _aTextual
040 _aFEDL
_beng
_cFEDL
041 _aeng
_2eng
084 _a301.15, BEC
_qFEDL
100 _aBecker Howard...(et.al).
_9758954
245 0 _aFor a science of social man : Convergences in anthropology, psychology and sociology
260 _aNew York, USA
_bThe Macmillan Company
_c1954
300 _avii,289p
650 _aSociology
942 _cTEXL
_h301.15, BEC
999 _c1329282
_d1329282